Morse Click Quiz - Statistics

General Stats
  • This quiz has been taken 250 times
  • The average score is 20 of 26
Answer Stats
Hint Answer % Correct
--- O
91%
. E
88%
.- A
86%
.... H
84%
.. I
84%
... S
84%
-. N
83%
- T
83%
-- M
81%
.--. P
79%
.-. R
79%
-.-. C
77%
-... B
74%
-.. D
74%
.-.. L
73%
-..- X
73%
--.. Z
73%
.--- J
71%
-.- K
71%
..- U
71%
...- V
71%
--. G
70%
-.-- Y
69%
.-- W
66%
--.- Q
61%
..-. F
58%
No matching quizzes found
Score Distribution
Percent of People with Each Score
Percentile by Number Answered
Your Score History
You have not taken this quiz